000 00914cam a2200205 4500
001 ABS66240
008 021220n2002 000 0 eng u
035 _a(Sirsi) u120862
100 _aParisotti, M
245 _aCry freedom
260 _c2002
490 _aBuilding
_v267(8257) 1 November 2002, 47(1)
520 _aExplores how exempting a contract administrator from liability can aid them to be impartial, even when they answer to the client. They should hear both sides, and not be unduly influenced by either, and this can be achieved if neither party can sue the adjudicator. Suggests a new law could achieve this.
590 _aABS
650 _aMANAGEMENT-DISPUTE AVOIDANCE, MANAGEMENT AND RESOLUTION-DISPUTE MANAGEMENT AND RESOLUTION-ALTERNATIVE DISPUTE RESOLUTION-ADJUDICATION
650 _aCONTRACT ADMINISTRATORS
650 _aLIABILITY
690 _aDispute resolution
_96236
942 _n0
999 _c71838
_d71838